[Event "Challenge"]
[Site "http://www.queenalice.com/game.php?id=449648"]
[Date "2008.8.17"]
[Round "-"]
[White "juliafp78987"]
[Black "stephancharette"]
[Result "0-1"]
[WhiteElo "1006"]
[BlackElo "1292"]

1. e4 d5 2. exd5 Qxd5 3. Nc3 Qe6+ 4. Qe2 Nf6 5. Qxe6 Bxe6 6. Nf3 g6 7. d4 Bf5 8.
Bd3 e6 9. Bf4 Bd6 10. Bxd6 cxd6 11. Nb5 O-O 12. Nc7 d5 13. Nxa8 Na6 14. Bxa6
bxa6 15. Nc7 Bxc2 16. Nxa6 Bd3 17. Nc5 Bf5 18. Ne5 Kg7 19. Ncd7 Nxd7 20. Nxd7
Rc8 21. O-O Rc4 22. Rfd1 g5 23. f3 f6 24. Rac1 e5 25. Rxc4 dxc4 26. dxe5 fxe5
27. Nxe5 Be6 28. a4 a5 0-1

[Event "Challenge"]
[Site "http://www.queenalice.com/game.php?id=449651"]
[Date "2008.8.17"]
[Round "-"]
[White "juliafp78987"]
[Black "danote"]
[Result "0-1"]
[WhiteElo "999"]
[BlackElo "1301"]

1. e4 e5 2. Nf3 f6 3. Bc4 Qe7 4. d3 Nh6 5. Bxh6 Qb4+ 6. Nbd2 gxh6 7. Nh4 d6 8.
Nf5 Bxf5 9. exf5 Qxb2 10. Rb1 Qd4 11. Rxb7 d5 12. Rxc7 Kd8 13. Bxd5 Qxd5 14. Rc4
Qa5 15. Qb1 Bc5 16. O-O Nc6 17. Qb7 Rc8 18. Nb3 Bxf2+ 19. Rxf2 Qd5 20. Qg7 Rg8
21. Qxf6+ Kc7 22. Qe7+ Kb8 23. Qe6 Qb5 24. Rc5 Qa4 25. Na5 Nxa5 26. Qxe5+ Kb7
27. Rxa5 Qc6 28. Qb5+ Ka8 29. Re2 Qb7 30. Qxb7+ Kxb7 31. Re6 Rc6 32. Re7+ Kb6
33. Raxa7 Rxc2 34. Rab7+ Ka5 35. Rxh7 Rf8 0-1

[Event "Challenge"]
[Site "http://www.queenalice.com/game.php?id=449695"]
[Date "2008.8.17"]
[Round "-"]
[White "juliafp78987"]
[Black "Krajnicov"]
[Result "0-1"]
[WhiteElo "1030"]
[BlackElo "1545"]

1. e4 e5 2. Nf3 Qf6 3. Bc4 Bc5 4. d3 h6 5. Be3 Bb6 6. Bxb6 axb6 7. Nc3 g5 8. Nd5
Qd6 9. O-O c6 10. Nxb6 Ra5 11. Nxc8 Qg6 12. Nxe5 Qg7 13. Nxf7 Rh7 14. Ncd6+ Ke7
15. Qg4 Qxb2 16. Bb3 Nf6 17. Nc8+ Ke8 18. Ncd6+ Ke7 0-1

[Event "AUTO-OPEN-1232"]
[Site "http://www.queenalice.com/game.php?id=449706"]
[Date "2008.8.17"]
[Round "1"]
[White "juliafp78987"]
[Black "punk"]
[Result "0-1"]
[WhiteElo "1026"]
[BlackElo "1532"]

1. d4 e6 2. e4 d5 3. e5 c5 4. Nf3 Nc6 5. Bb5 Bd7 6. Nc3 cxd4 7. Bxc6 bxc6 8.
Nxd4 c5 9. Ndb5 Bxb5 10. Nxb5 Qa5+ 0-1

[Event "AUTO-OPEN-1232"]
[Site "http://www.queenalice.com/game.php?id=449749"]
[Date "2008.8.17"]
[Round "1"]
[White "juliafp78987"]
[Black "REUSKING"]
[Result "0-1"]
[WhiteElo "1034"]
[BlackElo "1989"]

1. d4 d5 2. Nc3 Nf6 3. Bg5 Bf5 4. Nf3 e6 5. e3 Be7 6. Ne5 O-O 7. Bd3 Ne4 8. Bxe7
Qxe7 9. Nxe4 Bxe4 10. O-O Nd7 11. Nxd7 Qxd7 12. f4 Bxd3 13. Qxd3 Rac8 14. c4 c5
15. a4 cxd4 16. Qxd4 Rxc4 17. Qxa7 Rfc8 18. Qa5 g6 19. b3 Rc3 20. Rf3 Rxb3 21.
e4 Rxf3 22. gxf3 dxe4 23. fxe4 Qd4+ 24. Kg2 Rc2+ 25. Kf3 Qxa1 26. Qd8+ Kg7 27.
e5 Qf1+ 28. Ke4 Qe2+ 0-1

[Event "AUTO-OPEN-1232"]
[Site "http://www.queenalice.com/game.php?id=449750"]
[Date "2008.8.17"]
[Round "1"]
[White "REUSKING"]
[Black "juliafp78987"]
[Result "1-0"]
[WhiteElo "1976"]
[BlackElo "1032"]

1. e4 e5 2. Nf3 Nc6 3. d4 d6 4. dxe5 dxe5 5. Qxd8+ Nxd8 6. Nxe5 Nf6 7. Bd3 Ne6
8. Be3 Bd6 9. Nc4 Ng4 10. Nxd6+ cxd6 11. Bd2 O-O 12. O-O Nd4 13. Nc3 Be6 14. f3
Ne5 15. Rac1 Bxa2 16. Nxa2 Nxd3 17. cxd3 Ne2+ 18. Kf2 Nxc1 19. Rxc1 Rfc8 20. Nc3
b5 21. Nxb5 Rc5 22. Nxd6 Rxc1 23. Bxc1 Rd8 24. Bf4 g5 25. Bg3 h5 26. h3 h4 27.
Bh2 Kg7 28. Nf5+ Kg6 29. Ke3 f6 30. d4 Rc8 31. Ne7+ 1-0

[Event "Challenge"]
[Site "http://www.queenalice.com/game.php?id=450168"]
[Date "2008.8.18"]
[Round "-"]
[White "IsraelRibeiro"]
[Black "juliafp78987"]
[Result "1-0"]
[WhiteElo "1501"]
[BlackElo "1001"]

1. e3 d5 2. b3 e5 3. c4 Nf6 4. Qf3 Bg4 5. Qg3 Bd6 6. f3 e4 7. Qh4 exf3 8. gxf3
Bf5 9. e4 dxe4 10. Be2 h6 11. fxe4 g5 12. Qf2 Bxe4 13. Bf3 Qe7 14. Ne2 Bxb1 15.
Rxb1 Ne4 16. Qd4 Nc6 17. Qxh8+ Qf8 18. Qxf8+ 1-0

[Event "Challenge"]
[Site "http://www.queenalice.com/game.php?id=451009"]
[Date "2008.8.20"]
[Round "-"]
[White "chessaga"]
[Black "juliafp78987"]
[Result "1-0"]
[WhiteElo "1531"]
[BlackElo "1012"]

1. d4 d5 2. c4 Nf6 3. Nc3 e6 4. Bg5 Bb4 5. cxd5 exd5 6. h3 h6 7. Bxf6 Qxf6 8. e3
Nc6 9. Nf3 Bf5 10. Bd3 Bxc3+ 11. bxc3 Bxd3 12. Qxd3 O-O-O 13. O-O g5 14. e4 Rhe8
15. e5 Qf4 16. Rfd1 f5 17. g3 Qe4 18. Qxe4 1-0